ბათუმის შოთა რუსთაველის სახელმწიფო უნივერსიტეტის ბიბლიოთეკა

ჩანაწერი Corporate Name

ჩანაწერთა რაოდენობა, რომელიც გამოყენებულია: 1

001 - CONTROL NUMBER

  • control field: 17204

003 - CONTROL NUMBER IDENTIFIER

  • control field: GE_BSU

005 - DATE AND TIME OF LATEST TRANSACTION

  • control field: 20230314122303.0

008 - FIXED-LENGTH DATA ELEMENTS

  • fixed length control field: 230314|| aca||aabn | a|a d

040 ## - CATALOGING SOURCE

  • Original cataloging agency: GE_BSU
  • Transcribing agency: GE_BSU

110 ## - HEADING--CORPORATE NAME

  • Corporate name or jurisdiction name as entry element: ადამიანის უფლებათა და სამართლებრივ საკითხთა გენერალური დირექტორატი ევროპის საბჭო

670 ## - SOURCE DATA FOUND

  • Source citation: Work cat.: (GE_BSU): მერდოკი, ჯიმ 17203, არასათანადო მოპყრობასა და დაუსჯელობასთან ბრძოლა და არასათანადო მოპყრობის ეფექტიანი გამოძიება: